Normal view
MARC view
- Sufism
Entry Topical Term
001 - CONTROL NUMBER
- control field: 6556
003 - CONTROL NUMBER IDENTIFIER
- control field: NUST
005 - DATE AND TIME OF LATEST TRANSACTION
- control field: 20171120120537.0
008 - FIXED-LENGTH DATA ELEMENTS
- fixed length control field: 171120|| aca||aabn | a|a d
040 ## - CATALOGING SOURCE
- Original cataloging agency: NUST
- Transcribing agency: NUST
150 ## - HEADING--TOPICAL TERM
- Topical term or geographic name entry element: Sufism
- General subdivision: Customs and practices.
670 ## - SOURCE DATA FOUND
- Source citation: Work cat.: (NUST)0: 880-01 Shāh, Sarfarāz Ae. 1944- 6555, Kahe faqīr :
